Central Library OPAC University of Rajshahi

The history of English law before the time of Edward I / (Record no. 59530)

MARC details
000 -LEADER
fixed length control field 01183nam a2200289 a 4500
001 - CONTROL NUMBER
control field 59530
003 - CONTROL NUMBER IDENTIFIER
rucl marc code BD-RjUL
005 - DATE AND TIME OF LATEST TRANSACTION
control field 20211209080737.0
008 - FIXED-LENGTH DATA ELEMENTS--GENERAL INFORMATION
fixed length control field 161226r19681898enk o| 001 0 eng d
035 ## - SYSTEM CONTROL NUMBER
System control number (BD-RjUL)59654
040 ## - CATALOGING SOURCE
Original cataloging agency OCLCE
Language of cataloging eng
Transcribing agency OCLCE
Modifying agency OCLCQ
-- OCLCA
-- BD-RjUL
041 ## - LANGUAGE CODE
Language code of text/sound track or separate title eng
082 04 - DEWEY DECIMAL CLASSIFICATION NUMBER
Classification number 340.0941
Edition number 23
Author mark and year POH 1968
100 1# - MAIN ENTRY--PERSONAL NAME
Personal name Pollock, Frederick,
9 (RLIN) 177068
245 14 - TITLE STATEMENT
Title The history of English law before the time of Edward I /
Statement of responsibility, etc. By Sir Frederick Pollock and Frederic William Maitland
250 ## - EDITION STATEMENT
Edition statement 2nd ed. reissued
260 ## - PUBLICATION, DISTRIBUTION, ETC. (IMPRINT)
Place of publication, distribution, etc. Cambridge,
Name of publisher, distributor, etc. University Press,
Date of publication, distribution, etc. 1898 [Reprinted 1968].
300 ## - PHYSICAL DESCRIPTION
Pagination V. ;
Size 23 cm.
500 ## - GENERAL NOTE
General note "Portions of the book have appeared, in the same words or in substance, in the Contemporary review, the English historical review and the Harvard law review."--Pref. to 1st edition.
General note "The first chapter, by Prof. Maitland, is new."--Pref. to 2d edition.
504 ## - BIBLIOGRAPHY, ETC. NOTE
Bibliography, etc "List of texts used": v. 1, p. [xix]-xxii.
505 ## - FORMATTED CONTENTS NOTE
Formatted contents note Vol. 1 -- V. 2 --
650 #0 - SUBJECT ADDED ENTRY--TOPICAL TERM
Topical term or geographic name as entry element Law
Geographic subdivision Great Britain
General subdivision History.
9 (RLIN) 177069
700 1# - ADDED ENTRY--PERSONAL NAME
Personal name Maitland, Frederic William,
Dates associated with a name 1850-1906.
942 ## - ADDED ENTRY ELEMENTS (KOHA)
Source of classification or shelving scheme Dewey Decimal Classification
Koha item type Books
Holdings
Lost status Source of classification or shelving scheme Damaged status Not for loan Collection code Permanent Location Current Location Shelving location Date acquired Source of acquisition Cost, normal purchase price Total Checkouts Full call number Date last seen Copy number Koha item type
  Dewey Decimal Classification   Not For Loan Non-fiction Central Library, University of Rajshahi Central Library, University of Rajshahi Reading Room 08/07/1970 Sweets & Zeitlinger 30.00   340.0941 POH V-2 1968 26/12/2016 C-1 Books
  Dewey Decimal Classification     Non-fiction Central Library, University of Rajshahi Central Library, University of Rajshahi   08/07/1970 Swets & Zeithinger 30.00   340.0941 POH V-1 1968 27/12/2016 C-2 Books